000
00319pam a2200133a 44500
008
230405s2022 xxu||||| |||| 00| 0 eng d
041
_a
ENG
100
_a
V N RAJE
245
_a
HUMAN ANATOMY AND PHYSIOLOGY (V N RAJE )
250
_a
1
260
_a
NEW DELHI
_b
CBS PUBLISHERS
_c
2022
300
_a
189
906
_a
2970
999
_c
268409
_d
268409